Mélyül a szlovák-magyar ellentét magyarellenes feliratok itt, tüntetések és fenyegetőzések Magyarországon

Bibliographic Details
Main Author: Hunčík, Péter, 1951- (Author)
Format: Article
Language:Hungarian
PhysicalDescription:Fotogr.
ISSN:1335-7050
Subjects:

MARC

LEADER 00000nab a2200000 ar4500
001 vtls009408603
003 SK-MaSNL
005 20260318124817.0
008 081120c20081107xo |||||||| 000 b|hun
015 |a SNBRB2008/11  |2 snkbucl 
038 |a SNKBUCL 
040 |a DSZK  |b slo  |c DSZK  |e AACR2 
041 0 |a hun 
044 |a xo  |c SK 
080 |a 323.1  |x (437.6:439)  |2 1997 
080 |a 323.1  |x (439:437.6)  |2 1997 
245 0 0 |a Mélyül a szlovák-magyar ellentét  |b magyarellenes feliratok itt, tüntetések és fenyegetőzések Magyarországon  |c [szerzők] (lpj, dem), Hunčík Péter 
300 |b Fotogr. 
648 7 |a 2008  |2 snkbucl  |9 317238 
650 0 7 |a medzinárodné vzťahy  |2 SNKPH  |9 3690 
650 0 7 |a Slováci  |2 SNKPH  |9 22552 
650 0 7 |a Maďari  |2 SNKPH  |9 18097 
700 1 |a Hunčík, Péter,  |d 1951-  |4 ive  |4 aut  |9 89765 
773 0 |t Új szó  |g Évf. 61, sz. 258 (7.11.2008), o. 1  |x 1335-7050 
852 |a SNK  |b KIS3GCP 
852 |a DSZK  |b KIS3GCP 
958 |a HU 
958 |a SK 
999 |c 2575138  |d 2577068